Improvements in the decapsulation of artemia cysts

সংরক্ষণ করুন:
গ্রন্থ-পঞ্জীর বিবরন
বিন্যাস: গ্রন্থ
ভাষা:Undetermined
প্রকাশিত: Belgium Institute for Marine Scientific Research [1988]
বিষয়গুলি:
ট্যাগগুলো: ট্যাগ যুক্ত করুন
কোনো ট্যাগ নেই, প্রথমজন হিসাবে ট্যাগ করুন!
Thư viện lưu trữ: Trung tâm Học liệu Trường Đại học Cần Thơ
LEADER 00487nam a2200169Ia 4500
001 CTU_160182
008 210402s9999 xx 000 0 und d
082 |a 595.32 
082 |b A786i 
245 0 |a Improvements in the decapsulation of artemia cysts 
245 0 |c E. Bruggeman...[et al.] 
260 |a Belgium 
260 |b Institute for Marine Scientific Research 
260 |c [1988] 
650 |a Artemia 
904 |i Năm 
980 |a Trung tâm Học liệu Trường Đại học Cần Thơ